| 000 | 00539nam a22001937a 4500 | ||
|---|---|---|---|
| 003 | OSt | ||
| 005 | 20210426100152.0 | ||
| 008 | 210210s1975 ||||| |||| 00| 0 eng d | ||
| 040 |
_aeng _beng _cDLC |
||
| 041 | _aeng | ||
| 080 |
_a61 _bW-39 |
||
| 100 |
_9382 _aWeed,L.Lawrence |
||
| 245 |
_aYour Health Care and How to Manage It _c/ by: Essex Publishing Company, Inc |
||
| 260 |
_aVermont _bEssex Publishing Company, Inc _c1975 |
||
| 300 |
_a267 p. _bill. |
||
| 650 | 0 |
_969 _aMedicine |
|
| 653 | _aმედიცინა | ||
| 942 |
_2udc _cBK |
||
| 999 |
_c1296 _d1296 |
||